00642nam a2200229 a 4500001001300000003000900013005001700022008004100039020001000080082001500090100001600105245002600121260004300147300000900190500003500199505002200234650003100256902000800287942000700295952009500302999001500397nice12345678IN_TiNIC20260116011419.0050524s1933 lona grp 000 0 eng  ac10000a227.1bBAR aBarth, Karl aEpistle to the Roman. aLondonbOxford University Press c1933 a547p aincludes index and biblioraphy2 aIndex to passages aBible N.T. Epistles Romans bSRS cBK 00104070aHMIbHMId2007-06-20g100.00l0o227.1 BARp3263r2007-06-20w2026-01-16yARB c1321d1321